00509nam a2200193 a 4500001001300000003000900013005001700022008004100039020002300080082001500103100002000118245002700138260003900165300000900204500003500213505003400248650001300282700002000295nice12345678IN_TiNIC20260116013227.0050524s1953 dela grp 000 0 eng  a8120839 c19500a294.5bMOR aMorgan, Kenneth aReligion of the Hindus aDelhi bMotilal Banarsidass c1953 a434p aincludes index and biblioraphy2 aBibliography, Glossary, Index aHinduism1 aMorgan, Kenneth